| 000 | 00560nam a2200157Ia 4500 | ||
|---|---|---|---|
| 008 | 180925s9999 xx 000 0 und d | ||
| 020 | _a9780702070082 | ||
| 100 | _aHeinrich, Michael. | ||
| 245 |
_cMichael Heinrich, Joanne Barnes, José M. Prieto Garcia , Simon Gibbons, Elizabeth M. Williamson.-- _aFundamentals of pharmacognosy and phytotherapy / |
||
| 250 | _a3rd ed | ||
| 260 |
_aUSA : _bElsevier _c2018 |
||
| 300 | _axvi, 359 pages. | ||
| 500 | _aInlcudes bibliographical reference and indexes. | ||
| 650 | _aPharmacognosy. | ||
| 650 | _aPhytotheraphy. | ||
| 999 |
_c358870 _d358870 |
||